000 00434nam a22001697a 4500
003 NUST - PNEC
005 20170116181149.0
008 151016b xxu||||| |||| 00| 0 eng d
020 _a-
040 _cLIBRARY
082 _2-
_a621.5 SCH
100 _915256
_a: Scheel, Lyman F
245 _aGas and air compression machinery
_cLyman F. Scheel
260 _cc.1961
650 _910744
_aPneumatic machinery
_xME
942 _2ddc
_cBK
999 _c70862
_d70862